| Tag |
First Indicator |
Second Indicator |
Subfields |
| LEADER |
00000cam a2200000 4500 |
| 001 |
in00000052009 |
| 005 |
20151007080245.0 |
| 008 |
750819s1963 eng u |
| 010 |
|
|
|a 63008143
|
| 035 |
|
|
|a (OCoLC)01560246
|
| 035 |
|
|
|9 AAF4504AM
|
| 040 |
|
|
|c FGM
|d TXA
|d UtOrBLW
|
| 049 |
|
|
|a TXAM
|c [454409]
|
| 090 |
|
|
|a B829.5
|b .S7
|
| 092 |
|
|
|a 142.7
|b S897p
|
| 100 |
1 |
|
|a Strasser, Stephan,
|d 1905-1991.
|
| 245 |
1 |
0 |
|a Phenomenology and the human sciences :
|b a contribution to a new scientific ideal.
|
| 264 |
|
1 |
|a Pittsburgh :
|b Duquesne University Press,
|c 1963.
|
| 300 |
|
|
|a xiii, 339 pages ;
|c 23 cm.
|
| 336 |
|
|
|a text
|b txt
|2 rdacontent
|
| 337 |
|
|
|a unmediated
|b n
|2 rdamedia
|
| 338 |
|
|
|a volume
|b nc
|2 rdacarrier
|
| 490 |
0 |
|
|a Duquesne studies. Psychological series, 1
|
| 504 |
|
|
|a Bibliography: pages 315-334.
|
| 650 |
|
0 |
|a Phenomenology.
|
| 650 |
|
0 |
|a Humanities
|x Methodology.
|
| 999 |
|
|
|a MARS
|
| 999 |
f |
f |
|s 1dd6462c-e754-398e-9e1d-397971bda156
|i 7bbc8e3e-c121-35f7-84a0-213bbebd3b63
|t 0
|
| 952 |
f |
f |
|p normal
|a Texas A&M University
|b College Station
|c Sterling C. Evans Library
|d Evans: Library Stacks
|t 0
|e B829.5 .S7
|h Library of Congress classification
|i unmediated -- volume
|m A14800518432
|
| 998 |
f |
f |
|a B829.5 .S7
|t 0
|l Evans: Library Stacks
|